Yeoman's Row Management Ltd v Cobbe (Record no. 80533)

MARC details
000 -LEADER
fixed length control field 03408cad a22005295a 4500
001 - CONTROL NUMBER
control field L144655
008 - FIXED-LENGTH DATA ELEMENTS--GENERAL INFORMATION
fixed length control field 080804e20080730xxk f v 000 0 eng d
035 ## - SYSTEM CONTROL NUMBER
System control number (Sirsi) u144655
041 0# - LANGUAGE CODE
Language code of text/sound track or separate title eng
245 00 - TITLE STATEMENT
Title Yeoman's Row Management Ltd v Cobbe
Medium [electronic resource]
260 ## - PUBLICATION, DISTRIBUTION, ETC.
Date of publication, distribution, etc. 2008
520 ## - SUMMARY, ETC.
Summary, etc. [2008] UKHL 55, 30 July 2008. Where a property developer had reached an oral agreement in principle with a property owner to buy their property and expend time and expense in obtaining planning permission pursuant to the agreement but the owner subsequently refused to enter into a binding contract, the remedy could not be based on estoppel or constructive trust. Developer was entitled to quantum meruit payment for his services. Appellant company (Y) appealled against a developer (C) establishing propriety estoppel against it and being entitled to a lien over a property to secure his interest. Y had been formed to purchase a block of flats with the potential for development. Y and C then entered into a contract where Y would sell the property to C for £12 million pounds, C would then use his own means to obtain planning permission, develop the site and then pay 50% of any profit made over £24 million to Y. Y then sought to re-negotiate the agreement and C applied for estoppel. Held: The remedy due to C could not be construed as estoppel or a constructive trust and it fell to the court to determine how his claim might best be remedied. Property was never a joint venture and could not be treated as such. Y was unjustly enriched as it obtained the benefits of planning permission without paying for it and the remedy of quantum meruit had to be paid to C in light of the service it had provided to Y (the obtaining of planning permission).
590 ## - LOCAL NOTE (RLIN)
Local note KA NTK
650 24 - SUBJECT ADDED ENTRY--TOPICAL TERM
Topical term or geographic name entry element KILCARNE HOLDINGS LTD V TARGETFOLLOW (BIRMINGHAM) LTD
650 24 - SUBJECT ADDED ENTRY--TOPICAL TERM
Topical term or geographic name entry element LAIRD V BIRKENHEAD RAILWAY CO
650 24 - SUBJECT ADDED ENTRY--TOPICAL TERM
Topical term or geographic name entry element MUSCHINSKI V DODDS
650 24 - SUBJECT ADDED ENTRY--TOPICAL TERM
Topical term or geographic name entry element LONDON & REGIONAL INVESTMENTS LTD V TBI PLC
650 24 - SUBJECT ADDED ENTRY--TOPICAL TERM
Topical term or geographic name entry element TAYLORS FASHIONS LTD V LIVERPOOL VICTORIA TRUSTEES CO LTD
650 24 - SUBJECT ADDED ENTRY--TOPICAL TERM
Topical term or geographic name entry element TIME PRODUCTS LIMITED V COMBINED ENGLISH STORES
650 24 - SUBJECT ADDED ENTRY--TOPICAL TERM
Topical term or geographic name entry element PRIDEAN LTD V FOREST TAVERNS LTD AND OTHERS
650 24 - SUBJECT ADDED ENTRY--TOPICAL TERM
Topical term or geographic name entry element RAMSDEN V DYSON
650 24 - SUBJECT ADDED ENTRY--TOPICAL TERM
Topical term or geographic name entry element R (REPROTECH (PEBSHAM) LTD) V EAST SUSSEX COUNTY COUNCIL
650 24 - SUBJECT ADDED ENTRY--TOPICAL TERM
Topical term or geographic name entry element ROCHDALE CANAL COMPANY V KING
650 24 - SUBJECT ADDED ENTRY--TOPICAL TERM
Topical term or geographic name entry element PLIMMER V MAYOR OF WELLINGTON
650 24 - SUBJECT ADDED ENTRY--TOPICAL TERM
Topical term or geographic name entry element POWELL V THOMAS
650 24 - SUBJECT ADDED ENTRY--TOPICAL TERM
Topical term or geographic name entry element HOLIDAY INNS INC V BROADHEAD
650 24 - SUBJECT ADDED ENTRY--TOPICAL TERM
Topical term or geographic name entry element INWARDS V BAKER
650 24 - SUBJECT ADDED ENTRY--TOPICAL TERM
Topical term or geographic name entry element JENNINGS V RICE AND OTHERS
650 24 - SUBJECT ADDED ENTRY--TOPICAL TERM
Topical term or geographic name entry element BRITISH STEEL CORPORATION V CLEVELAND BRIDGE AND ENGINEERING CO LTD
650 24 - SUBJECT ADDED ENTRY--TOPICAL TERM
Topical term or geographic name entry element CRABB V ARUN DC
650 24 - SUBJECT ADDED ENTRY--TOPICAL TERM
Topical term or geographic name entry element DANN V SPURRIER
650 24 - SUBJECT ADDED ENTRY--TOPICAL TERM
Topical term or geographic name entry element YEOMANS ROW MANAGEMENT LTD V COBBE
650 24 - SUBJECT ADDED ENTRY--TOPICAL TERM
Topical term or geographic name entry element ATTORNEY-GENERAL OF HONG KONG V HUMPHREYS ESTATE (QUEENS GARDENS) LTD
650 24 - SUBJECT ADDED ENTRY--TOPICAL TERM
Topical term or geographic name entry element BANNER HOMES GROUP PLC V LUFF DEVELOPMENTS LTD
650 24 - SUBJECT ADDED ENTRY--TOPICAL TERM
Topical term or geographic name entry element PALLANT V MORGAN
650 24 - SUBJECT ADDED ENTRY--TOPICAL TERM
Topical term or geographic name entry element PASCOE V TURNER
650 24 - SUBJECT ADDED ENTRY--TOPICAL TERM
Topical term or geographic name entry element WALTON STORES (INTERSTATE) LTD V MAHER
650 24 - SUBJECT ADDED ENTRY--TOPICAL TERM
Topical term or geographic name entry element WILMOTT V BARBER
650 24 - SUBJECT ADDED ENTRY--TOPICAL TERM
Topical term or geographic name entry element WINDELER V WHITEHALL
650 24 - SUBJECT ADDED ENTRY--TOPICAL TERM
Topical term or geographic name entry element DILLWYN V LLEWELYN
650 24 - SUBJECT ADDED ENTRY--TOPICAL TERM
Topical term or geographic name entry element GILLETT V HOLT
650 24 - SUBJECT ADDED ENTRY--TOPICAL TERM
Topical term or geographic name entry element GRUNDY V OTTEY
651 #4 - SUBJECT ADDED ENTRY--GEOGRAPHIC NAME
Geographic name England and Wales
Chronological subdivision 1543-
690 ## - LOCAL SUBJECT ADDED ENTRY--TOPICAL TERM (OCLC, RLIN)
Topical term or geographic name as entry element PROPERTY-PROPERTY ACQUISITION AND DISPOSAL
856 40 - ELECTRONIC LOCATION AND ACCESS
Uniform Resource Identifier <a href="https://www.bailii.org/uk/cases/UKHL/2008/55.html">https://www.bailii.org/uk/cases/UKHL/2008/55.html</a>
Public note View the item free of charge online at www.bailii.org...
942 ## - ADDED ENTRY ELEMENTS (KOHA)
Suppress in OPAC 0
Holdings
Withdrawn status Lost status Source of classification or shelving scheme Damaged status Not for loan Home library Current library Shelving location Date acquired Total Checkouts Full call number Barcode Date last seen Copy number Price effective from Koha item type
    Dewey Decimal Classification     Virtual Virtual Online 04/08/2008   ONLINE PUBLICATION 144655-1001 06/08/2019 1 06/08/2019 Law report